000 00412nam a22001817a 4500
999 _c6159
_d6157
005 20210826135134.0
008 200318b xxu||||| |||| 00| 0 eng d
020 _a9788123902937
041 _aeng
082 _a543
100 _aALEXEYEV, V
_95297
245 _aQUANTITATIVE ANALYSIS
250 _a1st, 1994
260 _aNEW DELHI
_bCBS
_c2005
300 _a519;p
650 _aPHARMACY
_96751
942 _cBK